Quick Pick: Movies en Español Quiz Stats

 Plays Quiz Updated Oct 21, 2017

Score 0/12 Timer 01:30
0 Plays Today
% Correct
Mi bella dama
90%
El tercer hombre
88.1%
Doce hombres sin piedad
86.1%
Toro salvaje
83.3%
La naranja mecánica
81.6%
¡Qué bello es vivir!
80%
Cantando bajo la lluvia
74.7%
Sin novedad en el frente
72.4%
Tiburón
71%
Amor sin barreras
49.2%
El crepúsculo de los dioses
45%
Perdición
36.3%

Today's Daily Dose

You're not logged in!

Compare scores with friends on all Sporcle quizzes.
OR
Log In

Show Comments

Extras

Top Quizzes Today


Score Distribution

Your Account Isn't Verified!

In order to create a playlist on Sporcle, you need to verify the email address you used during registration. Go to your Sporcle Settings to finish the process.

Report this User

Report this user for behavior that violates our Community Guidelines.

Details: